All Cities by Clue on a Map - Statistics

General Stats
  • This quiz has been taken 21 times
  • The average score is 296 of 446
Answers on the Map
Answers color-coded by a green-red scale on the quiz's map according to % correct below.
 
Answer Stats
City % Correct
San Francisco
100%
Taranto
100%
Toronto
100%
Anchorage
93%
Austin
93%
Chicago
93%
Denver
93%
Edmonton
93%
Houston
93%
Kingston
93%
Los Angeles
93%
Mexico City
93%
Miami
93%
Montreal
93%
Ottawa
93%
Portland
93%
Seattle
93%
Vancouver
93%
Adelaide
86%
Beijing
86%
Berlin
86%
Birmingham
86%
Boston
86%
Brasília
86%
Buenos Aires
86%
Canberra
86%
Cancún
86%
Dallas
86%
Dar es Salaam
86%
Halifax
86%
Havana
86%
Jacksonville
86%
Kyiv
86%
Las Vegas
86%
London
86%
Manila
86%
Memphis
86%
Moscow
86%
Nashville
86%
New York
86%
Oklahoma City
86%
Orlando
86%
Paris
86%
Phoenix
86%
Pittsburgh
86%
Pyongyang
86%
Quebec City
86%
Rio de Janeiro
86%
Sacramento
86%
Saint Petersburg
86%
Salt Lake City
86%
Sana'a
86%
San Antonio
86%
San Diego
86%
Seoul
86%
Sydney
86%
Tucson
86%
Warsaw
86%
Wellington
86%
Abu Dhabi
79%
Addis Ababa
79%
Ajaccio
79%
Alexandria
79%
Amman
79%
Amsterdam
79%
Astana
79%
Asunción
79%
Athens
79%
Atlanta
79%
Auckland
79%
Baku
79%
Baltimore
79%
Bangkok
79%
Barcelona
79%
Beirut
79%
Bern
79%
Bilbao
79%
Bogotá
79%
Bologna
79%
Brussels
79%
Bucharest
79%
Budapest
79%
Cairo
79%
Cape Town
79%
Caracas
79%
Cincinnati
79%
Cleveland
79%
Copenhagen
79%
Damascus
79%
Darwin
79%
Delhi
79%
Denpasar
79%
Detroit
79%
Dhaka
79%
Doha
79%
Dubai
79%
Dublin
79%
Edinburgh
79%
Florence
79%
Frankfurt
79%
Geneva
79%
Genoa
79%
Glasgow
79%
Guadalajara
79%
Guangzhou
79%
Guatemala City
79%
Hamburg
79%
Hanoi
79%
Helsinki
79%
Hobart
79%
Ho Chi Minh City
79%
Hong Kong
79%
Indianapolis
79%
Innsbruck
79%
Islamabad
79%
Istanbul
79%
Jakarta
79%
Kansas City
79%
Khartoum
79%
Krakow
79%
Lahore
79%
La Paz
79%
Lima
79%
Liverpool
79%
Madrid
79%
Manchester
79%
Marseille
79%
Medellín
79%
Melbourne
79%
Milan
79%
Minneapolis
79%
Mumbai
79%
Munich
79%
Naples
79%
Nassau
79%
New Delhi
79%
New Orleans
79%
Nice
79%
Osaka
79%
Oslo
79%
Palermo
79%
Panama City
79%
Paramaribo
79%
Perth
79%
Prague
79%
Quito
79%
Raleigh
79%
Reykjavik
79%
Riga
79%
Riyadh
79%
Rome
79%
Saint Paul
79%
San Jose
79%
Santiago
79%
Santo Domingo
79%
São Paulo
79%
Sarajevo
79%
Shanghai
79%
Skopje
79%
Sofia
79%
Split
79%
Stockholm
79%
Tallinn
79%
Tampa
79%
Tbilisi
79%
Tehran
79%
Tel Aviv
79%
Thessaloniki
79%
Tijuana
79%
Tirana
79%
Tokyo
79%
Turin
79%
Ulaanbaatar
79%
Venice
79%
Vienna
79%
Vilnius
79%
Winnipeg
79%
Yerevan
79%
Zagreb
79%
Zurich
79%
Ahmedabad
71%
Aleppo
71%
Algiers
71%
Almaty
71%
Ankara
71%
Antananarivo
71%
Antwerp
71%
Belfast
71%
Buffalo
71%
Cardiff
71%
Casablanca
71%
Charleston
71%
Charlotte
71%
Chittagong
71%
Cologne
71%
Columbus
71%
Córdoba
71%
Dakar
71%
Dubrovnik
71%
El Paso
71%
Fortaleza
71%
Fort Lauderdale
71%
Fort Worth
71%
Fresno
71%
Galway
71%
Gdansk
71%
Giza
71%
Haifa
71%
Hiroshima
71%
Honolulu
71%
Hyderabad
71%
Jeddah
71%
Jerusalem
71%
Johannesburg
71%
Kabul
71%
Kaliningrad
71%
Karachi
71%
Kathmandu
71%
Kinshasa
71%
Kuala Lumpur
71%
Kuwait City
71%
Leeds
71%
Lisbon
71%
Ljubljana
71%
Louisville
71%
Lyon
71%
Marrakech
71%
Mecca
71%
Nairobi
71%
Newcastle
71%
Nicosia
71%
Nuremberg
71%
Odessa
71%
Philadelphia
71%
Porto
71%
Providence
71%
Rabat
71%
Regina
71%
Rennes
71%
Richmond
71%
Rotterdam
71%
Salem
71%
Salvador
71%
San Salvador
71%
Singapore
71%
Strasbourg
71%
Taipei
71%
Tashkent
71%
Tegucigalpa
71%
Toulouse
71%
Trieste
71%
Tripoli
71%
Tunis
71%
Urumqi
71%
Utrecht
71%
Valencia
71%
Valletta
71%
Victoria
71%
Vientiane
71%
Vladivostok
71%
Washington D.C.
71%
Xi'an
71%
Aachen
64%
Abidjan
64%
Abuja
64%
Accra
64%
Agra
64%
Albuquerque
64%
Anaheim
64%
Antalya
64%
Ashgabat
64%
Chengdu
64%
Chongqing
64%
Dijon
64%
Dortmund
64%
Dushanbe
64%
Dusseldorf
64%
Fes
64%
Gaborone
64%
Gold Coast
64%
Graz
64%
Guayaquil
64%
Harare
64%
Isfahan
64%
Izmir
64%
Jaipur
64%
Juba
64%
Kampala
64%
Kigali
64%
Kyoto
64%
Lagos
64%
Lhasa
64%
Lincoln
64%
Luxor
64%
Montgomery
64%
Nagasaki
64%
Niamey
64%
Omaha
64%
Ouagadougou
64%
Oulu
64%
Palma
64%
Reno
64%
Rosario
64%
Salzburg
64%
San Juan
64%
Sapporo
64%
Savannah
64%
Seville
64%
Shenzhen
64%
St. Louis
64%
Stuttgart
64%
Tallahassee
64%
Tangier
64%
Trondheim
64%
Varna
64%
Verona
64%
Windhoek
64%
Wuhan
64%
Xiamen
64%
Yangon
64%
Yaoundé
64%
Yokohama
64%
Acapulco
57%
Alicante
57%
Eugene
57%
Gothenburg
57%
Hartford
57%
Knoxville
57%
Kobe
57%
Leipzig
57%
Macau
57%
Málaga
57%
Nagoya
57%
Newark
57%
Niagara Falls
57%
Oaxaca
57%
Oxford
57%
Pamplona
57%
Praia
57%
Sevastopol
57%
Tours
57%
Worcester
57%
Wroclaw
57%
Yekaterinburg
57%
Yellowknife
57%
York
57%
Zanzibar
57%
Zaragoza
57%
Agadir
50%
Amarillo
50%
Dresden
50%
Harbin
50%
Inverness
50%
Luxembourg
50%
Naha
50%
Nanjing
50%
Oakland
50%
Orléans
50%
Qingdao
50%
Qom
50%
Quezon City
50%
Quimper
50%
Ravenna
50%
Rijeka
50%
Rostock
50%
Springfield
50%
Tacoma
50%
Tampere
50%
Tianjin
50%
Tiraspol
50%
Toledo
50%
Uppsala
50%
Varanasi
50%
Versailles
50%
Wichita
50%
Yamoussoukro
50%
Yaren
50%
Zadar
50%
Allentown
43%
Aswan
43%
Augusta
43%
Erie
43%
Flagstaff
43%
Flint
43%
Funchal
43%
Gainesville
43%
Little Rock
43%
New Haven
43%
Quetta
43%
Rochester
43%
Rouen
43%
Samarkand
43%
Sioux Falls
43%
Surat
43%
Tabriz
43%
The {Hague}
43%
Toulon
43%
Trabzon
43%
Waco
43%
Waterloo
43%
Wenzhou
43%
Wilmington
43%
Wollongong
43%
Yonkers
43%
Yuma
43%
Amritsar
36%
Annapolis
36%
Cambridge
36%
Durham
36%
Jersey City
36%
Jodhpur
36%
Newport
36%
Oranjestad
36%
Palm Springs
36%
Plymouth
36%
Punta Cana
36%
Vigo
36%
Zaporizhzhia
36%
Arlington
29%
Lucerne
29%
Ostend
29%
Quanzhou
29%
Rapid City
29%
Roswell
29%
Stanley
29%
Tempe
29%
Whistler
29%
Willemstad
29%
Wolverhampton
29%
Yalta
29%
Eilat
21%
Heidelberg
21%
Kotor
21%
Quincy
21%
Trier
21%
Udaipur
21%
Valladolid
21%
Wheeling
21%
Wuppertal
21%
Papeete
14%
Qaragandy
14%
Tyre
14%
Würzburg
14%
Jericho
7%
Queens
7%
Qina
0%
No matching quizzes found
Score Distribution
Percent of People with Each Score
Percentile by Number Answered
Your Score History
You have not taken this quiz